El anatomista / (Registro nro. 2863)
[ vista simple ]
| 000 -LEADER | |
|---|---|
| fixed length control field | 01129nam a2200205 a 4500 |
| 008 - CAMPO DE CONTROL (LIBRO) | |
| fixed length control field | 180515t2006 ag |||g |||| 001 f spa d |
| 020 ## - INTERNATIONAL STANDARD BOOK NUMBER | |
| ISBN | 9875801569 |
| 041 ## - CODIGO DE IDIOMA | |
| Código de idioma del texto/pista de sonido o título separado | spa |
| 092 ## - SIGNATURA TOPOGRAFICA DEWEY LOCAL | |
| número de clasificación | 808 |
| libristica | 3 |
| sección | AND |
| 100 1# - ENTRADA PRINCIPAL--NOMBRE PERSONAL | |
| Nombre personal | Andahazi, Federico |
| 9 (RLIN) | 3914 |
| 245 3# - TITULO PROPIAMENTE DICHO | |
| Título | El anatomista / |
| Mención de responsabilidad y remanente de la transcripción de la portada | Federico Andahazi |
| 250 ## - MENCION DE EDICION | |
| Mención de edición | 1a ed. |
| 260 ## - PIE DE IMPRENTA | |
| Lugar de publicación, distribución, etc | Buenos Aires: |
| Nombre de la editorial, distribuidor, etc | Booket; |
| Fecha de publicación | 2006. |
| 300 ## - DESCRIPCION FISICA | |
| Extension | 232 p. |
| Otros detalles físicos | 19x13 cm |
| 500 ## - NOTA GENERAL | |
| Nota general | Andahazi, F. (2006). El anatomista. (1a ed.). Buenos Aires : Booket. |
| 505 ## - NOTA DE CONTENIDO | |
| Nota de contenido formateada | El héroe de esta novela es Mateo Colón, un anatomista de Renacimiento que, al enamorarse de una prostituta veneciana, emprende la búsqueda de alguna pócima para conseguir el amor. El anatomista comienza así la ardua exploración de la misteriosa naturaleza de las mujeres. Cuando intente hacerlo público, Colón deberá enfrentar otro poder: el de la despiadada inquisición. Federico Andahazi ha construido una novela apasionante, basada en la historia de uno de los médicos más sobresalientes del Renacimiento. |
| 590 ## - NOTAS LOCALES (RLIN) | |
| Nota local | Proyecto 4to libro. Donación Adriana Navarro. Febrero 2019. |
| 655 ## - MATERIA - GENERO/FORMA | |
| Género/Forma | Novela |
| -- | 3091 |
| 942 ## - ADDED ENTRY ELEMENTS (KOHA) | |
| Source of classification or shelving scheme | Dewey Decimal Classification |
| Item type | LITERATURA |
| Estado de retiro | Existencia | Fuente de clasificación | Estado general | No para prestamo | Ubicación permanente | ubicación actual | Sala de ubicación | Fecha de adquisición | Fuente de adquisición | Total Checkouts | Número de clasificación | Código de barras | Date last seen | Date last borrowed | Número de ejemplar | Price effective from | Koha tipo de elemento (item) | Public note |
|---|---|---|---|---|---|---|---|---|---|---|---|---|---|---|---|---|---|---|
| Dewey Decimal Classification | Biblioteca Medicina | Biblioteca Medicina | Circulación | 28/02/2019 | Proyecto 4to libro. Donación Adriana Navarro. Febrero 2019. | 4 | 808 3 AND | 4395 | 10/08/2022 | 23/06/2022 | Ej. 1 | 28/02/2019 | LITERATURA | Proyecto 4to libro. Donación Adriana Navarro. Febrero 2019. |